000 nam a22 7a 4500
999 _c48201
_d48201
003 OSt
005 20190705154725.0
008 190705b xxu||||| |||| 00| 0 eng d
040 _cSEROSOFT
100 _aPANKAJ HANS
245 _aJAYPEE NURSING DRUG BOOK 2014-2015
300 _a877
942 _2ddc
_c01